000 02172nab a2200265 ab4500
005 20260218132925.0
008 251016c2025 ck fr p#o# #00| spa d
003
040 _aMX-MxUPN
_bspa
_cMX-MxUPN
_eaacr2
100 1 _aCuartas López, Laura
_958832
100 1 _aMoral Jiménez, María de la Villa
_949681
245 1 _aPercepciones sobre el estereotipo del atractivo físico (“Lo bello es bueno”) y la personalidad criminal :
_bcondenados por la cara
_h[recurso electrónico en línea]
506 0 _aAcceso abierto
520 3 _aEl estudio del estereotipo de “Lo bello es bueno”, mediante el que se relaciona el atractivo físico con características positivas de personalidad, conductuales y morales, presenta múltiples implicaciones psicosociales y jurídicas. El objetivo de este estudio es determinar la posible manifestación de sesgos cognitivos en las tomas de decisiones sobre la criminalidad asociados a la percepción del atractivo físico. Participaron 182 jóvenes con edades comprendidas entre los 14 y los 19 años (X = 16.72; DT = 1.707). Se aplicó un cuestionario compuesto por dos conjuntos de imágenes con diversas preguntas y la escala AQ de Buss y Perry, con el fin de valorar la posible criminalidad. De acuerdo con los resultados obtenidos, se ha hallado que los rostros pertenecientes a las mujeres, así como los rostros pertenecientes a varones más jóvenes son relacionados con menor frecuencia con la percepción de criminalidad. Se concluye que el mayor o menor atractivo físico es un factor importante en la formación de impresiones y en su asociación percibida con la comisión de delitos.
_cPsychologia.
653 _aLo bello es bueno
650 4 _aEstereotipos (Psicología social)
_912812
653 _aEfecto halo
653 _aAtractivo físico
653 _aPersonalidad criminal
773 _gVol. 19, no. 1, (2025), p. 1-12
_tPsychologia : avances de la disciplina
_x1900-2386
856 4 _uhttps://revistas.usb.edu.co/index.php/Psychologia/article/view/7073
856 4 _uhttps://revistas.usb.edu.co/index.php/Psychologia/article/view/7073/5585
902 _aLeonor Sotres/180226
942 _cART-E
999 _c214643
_d214643